Tuyển tập các chuyên đề luyện thi Đại học môn toán Đại số sơ cấp : Gồm 68 chuyên đề với khoảng cách 1000 bài toán

Đã lưu trong:
Sonraí Bibleagrafaíochta
Príomhúdar: Trần, Phương
Formáid: Leabhar
Teanga:Undetermined
Foilsithe: Hà Nội Nhà xuất bản Hà Nội 2005
Ábhair:
Clibeanna: Cuir Clib Leis
Gan Chlibeanna, Bí ar an gcéad duine leis an taifead seo a chlibeáil!
Thư viện lưu trữ: Trung tâm Học liệu Trường Đại học Cần Thơ
LEADER 00716nam a2200205Ia 4500
001 CTU_93909
008 210402s9999 xx 000 0 und d
020 |c 60000 
082 |a 512.02 
082 |b Ph561 
100 |a Trần, Phương 
245 0 |a Tuyển tập các chuyên đề luyện thi Đại học môn toán Đại số sơ cấp : 
245 0 |b Gồm 68 chuyên đề với khoảng cách 1000 bài toán 
245 0 |c Trần Phương, Lê Hồng Đức 
260 |a Hà Nội 
260 |b Nhà xuất bản Hà Nội 
260 |c 2005 
650 |a Algebra, abstract 
904 |i Năm 
980 |a Trung tâm Học liệu Trường Đại học Cần Thơ